Historia económica de Colombia / (Registro nro. 6753)
[ vista simple ]
| 000 -LEADER | |
|---|---|
| fixed length control field | 01465nam a2200289Ia 4500 |
| 003 - CONTROL NUMBER IDENTIFIER | |
| control field | OSt |
| 005 - DATE AND TIME OF LATEST TRANSACTION | |
| control field | 20200708155247.0 |
| 008 - FIXED-LENGTH DATA ELEMENTS--GENERAL INFORMATION | |
| fixed length control field | 191128r1996 ck a gr 001 0dspa d |
| 020 ## - INTERNATIONAL STANDARD BOOK NUMBER | |
| International Standard Book Number | 9586014665 |
| 040 ## - CATALOGING SOURCE | |
| Original cataloging agency | CO-JMCR |
| Transcribing agency | CO-JMCR |
| 082 04 - DEWEY DECIMAL CLASSIFICATION NUMBER | |
| Classification number | 330.9861 / |
| Item number | O151h |
| Edition number | 23 |
| 100 1# - MAIN ENTRY--PERSONAL NAME | |
| Personal name | Ocampo, José Antonio, |
| Relator term | compilador |
| 9 (RLIN) | 6129 |
| 245 10 - TITLE STATEMENT | |
| Title | Historia económica de Colombia / |
| Statement of responsibility, etc. | Germán Colmenares, Jaime Jaramillo Uribe y Hermes Tovar Pinzón [y otros] ; José Antonio Ocampo (compilador) |
| 250 ## - EDITION STATEMENT | |
| Edition statement | Cuarta edición |
| 260 ## - PUBLICATION, DISTRIBUTION, ETC. | |
| Place of publication, distribution, etc. | Bogotá : |
| Name of publisher, distributor, etc. | Tercer Mundo, Fedesarrollo, |
| Date of publication, distribution, etc. | 1994. |
| 300 ## - PHYSICAL DESCRIPTION | |
| Extent | 336 páginas : |
| Other physical details | gráficos a blanco y negro ; |
| Dimensions | 23 cm. |
| 500 ## - GENERAL NOTE | |
| General note | Bibliografía: páginas 332-336 |
| 505 0# - FORMATTED CONTENTS NOTE | |
| Formatted contents note | La formación de la economía colonial (1500-1740) -- La economía del virreinato (1740-1810) -- Las vicisitudes del modelo liberal (1850-1899) -- El despegue cafetero (1900-1928) -- Crisis mundial y cambio estructural (1929-1945) |
| 520 0# - SUMMARY, ETC. | |
| Summary, etc. | Esta obra considerada ya como clásico de la historia económica, recoge los avances del conocimiento en esta materia y ofrece una visión global del desarrollo del área en cuestión. |
| 650 14 - SUBJECT ADDED ENTRY--TOPICAL TERM | |
| Topical term or geographic name entry element | Historia económica |
| Geographic subdivision | Colombia |
| 9 (RLIN) | 6882 |
| 650 24 - SUBJECT ADDED ENTRY--TOPICAL TERM | |
| Topical term or geographic name entry element | Formación económica |
| 9 (RLIN) | 6883 |
| 650 24 - SUBJECT ADDED ENTRY--TOPICAL TERM | |
| Topical term or geographic name entry element | Crisis mundial |
| 9 (RLIN) | 6884 |
| 700 1# - ADDED ENTRY--PERSONAL NAME | |
| Personal name | Jaramillo Uribe, Jaime, ; |
| Relator term | autor |
| 9 (RLIN) | 6885 |
| 700 1# - ADDED ENTRY--PERSONAL NAME | |
| Personal name | Tovar Pinzón, Hermes, ; |
| Relator term | autor |
| 9 (RLIN) | 6886 |
| 700 1# - ADDED ENTRY--PERSONAL NAME | |
| Personal name | Ocampo, José Antonio, |
| Relator term | compilador |
| 9 (RLIN) | 6129 |
| 942 ## - ADDED ENTRY ELEMENTS (KOHA) | |
| Source of classification or shelving scheme | Dewey Decimal Classification |
| Koha item type | Books |
| Withdrawn status | Lost status | Source of classification or shelving scheme | Damaged status | Not for loan | Home library | Current library | Shelving location | Date acquired | Source of acquisition | Total Checkouts | Full call number | Barcode | Date last seen | Copy number | Price effective from | Koha item type |
|---|---|---|---|---|---|---|---|---|---|---|---|---|---|---|---|---|
| Dewey Decimal Classification | Biblioteca Pública José María del Castillo y Rada | Biblioteca Pública José María del Castillo y Rada | General Stacks | 04/15/2018 | Donación | 330.9861 / O151h | 201809939 | 05/16/2024 | Ej.2 | 07/08/2020 | Books |